Sam Hunt Charting Songs (Billboard Hot 100) - Statistics

General Stats
  • This quiz has been taken 59 times
    8 since last reset
  • The average score is 6 of 15
Answer Stats
Album Weeks On Peak Artist(s) Song % Correct
Southside 41 Weeks #6 Sam Hunt Body Like a Back Road
100%
Montevallo 20 Weeks #29 Sam Hunt Break Up in a Small Town
100%
Montevallo 20 Weeks #26 Sam Hunt House Party
100%
Montevallo 19 Weeks #45 Sam Hunt Make You Miss Me
50%
Locked Up 13 Weeks #66 Sam Hunt Outskirts
50%
Montevallo 32 Weeks #20 Sam Hunt Take Your Time
50%
Non-Album Single 20 Weeks #50 Sam Hunt 23
25%
Locked Up 1 Week #98 Sam Hunt Country House
25%
Southside 2 Weeks #94 Sam Hunt Downtown's Dead
25%
Southside 20 Weeks #26 Sam Hunt Hard to Forget
25%
Montevallo 21 Weeks #30 Sam Hunt Leave the Night On
25%
Good Person 20 Weeks #47 Ingrid Andress & Sam Hunt Wishful Drinking
25%
Southside 20 Weeks #32 Sam Hunt Breaking Up was Easy in the 90's
0%
Southside 1 Week #89 Sam Hunt Drinkin' Too Much
0%
Southside 21 Weeks #34 Sam Hunt Kinfolks
0%
No matching quizzes found
Score Distribution
Percent of People with Each Score
Percentile by Number Answered
Your Score History
You have not taken this quiz since the last reset